【1999年】山梨県の「町」の読み - Statistics

General Stats
  • This quiz has been taken 6 times
  • The average score is 29 of 37
Answer Stats
Question Answer % Correct
春日居町 ちょう
100%
勝沼町 ちょう
100%
八代町 ちょう
100%
市川大門町 ちょう
100%
身延町 ちょう
100%
富沢町 ちょう
100%
昭和町 ちょう
100%
若草町 ちょう
100%
櫛形町 まち
100%
甲西町 まち
100%
河口湖町 まち
100%
牧丘町 ちょう
75%
石和町 ちょう
75%
御坂町 ちょう
75%
一宮町 ちょう
75%
中道町 まち
75%
下部町 ちょう
75%
鰍沢町 ちょう
75%
中富町 ちょう
75%
早川町 ちょう
75%
南部町 ちょう
75%
竜王町 ちょう
75%
敷島町 まち
75%
双葉町 ちょう
75%
須玉町 ちょう
75%
高根町 ちょう
75%
長坂町 ちょう
75%
小淵沢町 ちょう
75%
西桂町 ちょう
75%
上野原町 まち
75%
三珠町 ちょう
50%
六郷町 ちょう
50%
増穂町 ちょう
50%
玉穂町 ちょう
50%
田富町 ちょう
50%
白根町 まち
50%
白州町 まち
50%
No matching quizzes found
Score Distribution
Percent of People with Each Score
Percentile by Number Answered
Your Score History
You have not taken this quiz